| 000 | 00508nam a2200181Ia 4500 | ||
|---|---|---|---|
| 005 | 20250326125501.0 | ||
| 008 | 250326s9999 xx 000 0 und d | ||
| 037 | _aTextbook | ||
| 040 |
_aFMSL _beng _cFMSL |
||
| 041 |
_aeng _2eng |
||
| 084 |
_aX9W:8.3 L9 _qFMSL |
||
| 100 | _aSharma A K | ||
| 245 | 0 |
_aManagement development in public enterprise _cSharma A K |
|
| 260 |
_aNew Delhi _bNew Delhi, M V Mathur _c1979 |
||
| 300 | _a503p | ||
| 942 |
_cTB _hX9W:8.3 L9 |
||
| 999 |
_c1278267 _d1278267 |
||